Inglés sin fronteras ; Guía práctica

Gespeichert in:
Bibliographische Detailangaben
1. Verfasser: Viñuales, Roser
Format: Buch
Sprache:Spanisch
Veröffentlicht: China Alfatemática 2006
Schlagworte:
Tags: Tag hinzufügen
Keine Tags, Fügen Sie den ersten Tag hinzu!

MARC

LEADER 00000nam a22000005a 4500
003 CL-ChBUA
005 20120815091632.0
008 090805s2006 cc ||||| |||| 000 ||spa
020 |a 9687999624 
040 |a CL-ChBUA  |c CL-ChBUA 
082 0 0 |a 423 
090 |c 26565  |d 26565 
100 1 |a Viñuales, Roser 
245 1 0 |a Inglés sin fronteras ;  |b Guía práctica 
260 |a China  |b Alfatemática  |c 2006 
300 |a 128 p.  |c 29 cm.  |e Cont.: 3 DVD`s 
504 |a il. 
504 |a Cont.: 3 DVD`s 
650 4 |a INGLES - ENSEÑANZA 
942 |c LIBR 
952 |0 0  |1 0  |2 ddc  |4 0  |6 R_423_000000000000000_IN_51  |7 0  |9 62558  |a UNACH  |b UNACH  |c REA  |d 2009-08-05  |i 40.198  |l 1  |m 1  |o R 423 / In 51  |p 63693  |r 2026-03-17 19:24:49  |s 2019-03-28  |u 62558  |w 2012-08-08  |y LIBR 
999 |c 26565  |d 26565